| 000 | 004570000a22002050004500 | ||
|---|---|---|---|
| 005 | 20120302055053.0 | ||
| 942 | _cBOOK | ||
| 100 | _a Kaamat,Ashok Prabhakar | ||
| 245 | _a Muktabaichi Abhangawaani | ||
| 260 | _aPune:Atul. | ||
| 300 | _a56p. | ||
| 040 | _aMAR | ||
| 365 | _b5/- | ||
| 650 | _aSaahitya | ||
| 650 | _aAbhangawaani | ||
| 650 | _aMuktaabai-Abhangawaani | ||
| 650 | _aJapa-Mahatva | ||
| 650 | _aParamdnyan | ||
| 650 | _aTaatee-Abhanga | ||
| 999 |
_c347397 _d347394 |
||